| 000 | 00388nam a22001457a 4500 | ||
|---|---|---|---|
| 005 | 20250609131435.0 | ||
| 008 | 250609b |||||||| |||| 00| 0 eng d | ||
| 020 | _a9780875524771 | ||
| 050 |
_aBT1102 _bVAN |
||
| 100 | _aVAN TIL CORNELIUS | ||
| 245 | _aCHRISTIAN APOLOGETICS | ||
| 260 |
_aNEW JERSEY _bPRESBYTERAN AND REFORMED PUBLISHING CO. _cc1976 |
||
| 300 | _a99p | ||
| 942 |
_2lcc _cBK _n0 |
||
| 999 |
_c6350 _d6350 |
||